La espina y la rosa : la ambivalencia en torno al "dogma" y al "instinto" en el Libro de buen amor /
Zapisane w:
| 1. autor: | |
|---|---|
| Format: | Nieznany |
| Język: | Spanish |
| Wydane: |
México :
Universidad Nacional Autónoma de México,
1990.
|
| Wydanie: | 1.edición |
| Seria: | (Serie: cuadernos del seminario de poética ;
13) |
| Hasła przedmiotowe: | |
| Etykiety: |
Dodaj etykietę
Nie ma etykietki, Dołącz pierwszą etykiete!
|
MARC
| LEADER | 000000000a22000000004500 | ||
|---|---|---|---|
| 001 | 008477 | ||
| 020 | |a 9683613837 | ||
| 041 | 0 | |a spa | |
| 082 | 0 | 4 | |a M864.4D |b C216e |
| 100 | 1 | |a Cándano Fierro, Graciela | |
| 245 | 1 | 3 | |a La espina y la rosa : |b la ambivalencia en torno al "dogma" y al "instinto" en el Libro de buen amor / |c Graciela Cándano Fierro. |
| 250 | |a 1.edición | ||
| 260 | 1 | |a México : |b Universidad Nacional Autónoma de México, |c 1990. | |
| 300 | |a 85 páginas | ||
| 490 | 1 | |a (Serie: cuadernos del seminario de poética ; |v 13) | |
| 650 | 4 | |a LITERATURA MEXICANA | |
| 650 | 4 | |a ENSAYO | |
| 650 | 4 | |a RUIZ, JUAN, fl 1343 | |
| 650 | 4 | |a LIBRO DE BUEN AMOR | |
| 650 | 4 | |a CRITICAS | |
| 999 | |c 14044 |d 14044 | ||
| 942 | |c BK |h M864.4D C216e |2 z | ||



